| Tag |
First Indicator |
Second Indicator |
Subfields |
| LEADER |
00000cam a2200000 a 4500 |
| 001 |
in00004487696 |
| 005 |
20191203081253.0 |
| 008 |
950503s1996 paua b 001 0 eng |
| 010 |
|
|
|a 95004642
|
| 020 |
|
|
|a 0721648207
|
| 035 |
|
|
|a (OCoLC)32508097
|
| 035 |
|
|
|9 AAG8437MS
|
| 035 |
|
|
|z (UtOrBLW)22247
|
| 035 |
|
|
|a 35404
|
| 040 |
|
|
|a DLC
|c DLC
|d WSM
|d UtOrBLW
|
| 049 |
|
|
|a TMVM
|c 1
|
| 050 |
0 |
0 |
|a R728.8
|b .A56 1996
|
| 082 |
0 |
0 |
|a 651/.961
|2 20
|
| 096 |
|
|
|a W 80
|b A561s 1996
|
| 100 |
1 |
|
|a Andress, Alice Anne.
|
| 245 |
1 |
0 |
|a Saunders manual of medical office management /
|c Alice Anne Andress.
|
| 246 |
3 |
0 |
|a Manual of medical office management
|
| 264 |
|
1 |
|a Philadelphia :
|b W.B. Saunders,
|c [1996]
|
| 264 |
|
4 |
|c ©1996
|
| 300 |
|
|
|a xvi, 360 pages :
|b illustrations (some color) ;
|c 26 cm.
|
| 336 |
|
|
|a text
|2 rdacontent
|b txt
|
| 337 |
|
|
|a unmediated
|2 rdamedia
|
| 338 |
|
|
|a volume
|2 rdacarrier
|b nc
|
| 504 |
|
|
|a Includes bibliographical references and index.
|
| 650 |
|
2 |
|a Practice Management, Medical
|x organization & administration.
|
| 710 |
2 |
|
|a W.B. Saunders Company.
|
| 999 |
|
|
|a MARS
|
| 999 |
f |
f |
|s b5ce9a9d-e9b9-31d3-905c-d567d21f36a2
|i 12373f70-4769-3d80-a59c-a5c5419044d1
|t 0
|
| 952 |
f |
f |
|p ric
|a Texas A&M University
|b Rellis Campus
|c Joint Library Facility
|d Remote Storage
|t 0
|e W 80 A561s 1996
|h National Library of Medicine classification
|i unmediated -- volume
|m 3238901208452
|
| 998 |
f |
f |
|a W 80 A561s 1996
|t 0
|l Remote Storage
|